000 01117nam a22001937a 4500
003 JO-AjAnu
005 20240401104731.0
008 240331b jo ||||| |||| 00| 0 ara d
040 _aJO-AjAnu
_cANU
041 0 _aara
100 1 _aالسلمان، سحر محمد حسين
_eمؤلف
_965202
245 0 _aمستوى معرفة معلمي الطلبة ذوي صعوبات التعلم بمعايير التنمية المستدامة وعلاقتها بامتلاكهم لمهارات التفكير المستقبلي = Sustainable Developments Standards Knowledge of Teachers of students with learning Disabilities and Its Relationship to their possession of future thinking skills /
_cاعداد سحر محمد حسين السلمان ؛ اشراف محمد عمر أبو الرب
260 _c2023
300 _a117 ورقة
500 _aرسالة جامعية (ماجستير) تخصص صعوبات التعلم / جامعة عجلون الوطنية ، 2023
650 7 _vصعوبات التعلم-معايير
700 0 _aمحمد عمر أبو الرب
_eمشرف
_964717
942 _2lcc
_cREF
_n0
999 _c33381
_d33381